| 000 | 00355 a2200157 4500 | ||
|---|---|---|---|
| 001 | 75538 | ||
| 020 | _a9788537704547 | ||
| 040 | _cAnchieta - Colégio São Paulo | ||
| 100 | _aLinhares, T.Q | ||
| 240 | 1 | 0 |
_aAméricas assombradas _lpor |
| 245 | 1 | 0 | _aAméricas assombradas |
| 300 | _a43 | ||
| 362 | 0 | _a2008 | |
| 650 | 4 | _aLiteratura juvenil | |
| 942 | _cBK | ||
| 999 |
_c75538 _d75538 |
||